Vrbové

Bibliographic Details
Other Authors: Kýška, Patrik (Editor), Blažek, Peter (Photographer), Bosák, Ľubomír (Editor)
Format: Book
Language:Slovak
PhysicalDescription:1 skladačka ([8] s.) fotogr., pl. 21 x 42 cm po zložení 21 x 11 cm
Published: Vrbové [Mestský úrad] 2006
ISBN:809694665X (brož.)
Edition:3. vyd.
Subjects:

MARC

LEADER 00000nam a2200000 a 4500
001 vtls008691337
003 SK-MaSNL
005 20260301205501.0
008 060418s2006 xo obc g 000 0 slo
015 |a SNBE2007/01-00023 
020 |a 809694665X (brož.) 
040 |a SNK  |b slo  |c SNK  |e AACR2 
041 0 |a slo 
043 |a e-xo--- 
044 |a xo  |c SK 
072 7 |a 913(4)  |x Geografia Európy, reálie, cestovanie  |2 konspekt 
080 |a (041)  |2 2001 
080 |a 913(437.6)  |2 2001 
245 0 0 |a Vrbové  |c autor textu: Ľubomír Bosák ; editori: Ľubomír Bosák a Patrik Kýška ; foto Peter Blažek 
250 |a 3. vyd. 
260 |a Vrbové  |b [Mestský úrad]  |c 2006 
300 |a 1 skladačka ([8] s.)  |b fotogr., pl.  |c 21 x 42 cm po zložení 21 x 11 cm 
506 |a 1500 výt. 
651 7 |a Vrbové (Slovensko)  |2 SNKPH  |9 15406 
655 7 |a prospekty  |2 SNKPH  |9 62175 
700 1 |a Kýška, Patrik  |4 edt  |9 65872 
700 1 |a Blažek, Peter  |4 pht  |9 330747 
700 1 |a Bosák, Ľubomír  |4 edt  |9 10179 
919 |a 80-969466-5-X 
999 |c 910263  |d 912193 
952 |a SNK  |b SNK  |y PREZ  |7 0  |p 17A0505652  |o snkOSC 23489  |i snk2006/7785  |8 0  |0 0  |1 0  |4 0  |d 2006-04-18  |l 0  |r 2026-02-24 07:41:22  |w 2026-02-24 
952 |a SNK  |b SNK  |y VYP  |7 0  |p 17A0505651  |o snkOSC 23489 D1  |i snk2006/7786  |8 0  |0 0  |1 0  |4 0  |d 2006-04-18  |l 0  |r 2026-02-24 07:41:22  |w 2026-02-24